[Event "LSS BI-2010-P-00013"]
[Site "LSS email"]
[Date "2010.04.19"]
[Round "?"]
[White "Uifelean, Andrei"]
[Black "Fernando, Suranga"]
[Result "1-0"]
[WhiteElo "1884"]
[BlackElo "1625"]
[PlyCount "91"]
[EventDate "2010.04.22"]
[EventType "tourn (corr)"]
[EventRounds "10"]
[EventCountry "GER"]
[SourceTitle "Corr 2022"]
[Source "ChessBase"]
[SourceDate "2021.10.24"]
[SourceVersion "1"]
[SourceVersionDate "2021.10.24"]
[SourceQuality "1"]

1. e4 c5 2. Nf3 e6 3. d4 cxd4 4. Nxd4 a6 5. Nc3 b5 6. Bd3 Qb6 7. Be3 Bc5 8. Be2 Nc6 9. Nxc6 dxc6 10. Qd6 Bxe3 11. fxe3 Ne7 12. a4 Bb7 13. a5 Qd8 14. Qe5 0-0 15. 0-0 Ng6 16. Qc5 Qc7 17. Rad1 Qe5 18. Qb6 Rab8 19. Qa7 Qc7 20. Qc5 Rbd8 21. b4 Qe5 22. Rd4 Qxc5 23. bxc5 Ne5 24. Rfd1 Rde8 25. Na2 f6 26. Nb4 Re7 27. c4 Kf7 28. Rd6 Rc8 29. Rc1 Rd7 30. Rxd7+ Nxd7 31. cxb5 cxb5 32. c6 Ne5 33. cxb7 Rxc1+ 34. Kf2 Nd7 35. Nxa6 Rb1 36. Nc5 Nb8 37. a6 Ra1 38. Bxb5 Ra5 39. Nd7 Rxa6 40. Nxb8 Rb6 41. Bc6 Ke7 42. e5 Rb2+ 43. Kf3 fxe5 44. Be4 h5 45. Nc6+ Kd6 46. b8Q+ 1-0

[Event "LSS BI-2009-F-00011"]
[Site "LSS email"]
[Date "2010.02.15"]
[Round "?"]
[White "Fernando, Suranga"]
[Black "Ottenweller, Wolfgang"]
[Result "0-1"]
[WhiteElo "1630"]
[BlackElo "1713"]
[PlyCount "54"]
[EventDate "2010.02.17"]
[EventType "tourn (corr)"]
[EventRounds "10"]
[EventCountry "GER"]
[SourceTitle "Corr 2022"]
[Source "ChessBase"]
[SourceDate "2021.10.24"]
[SourceVersion "1"]
[SourceVersionDate "2021.10.24"]
[SourceQuality "1"]

1. e4 c5 2. Nf3 Nc6 3. Bb5 d6 4. 0-0 Bd7 5. c3 Nf6 6. Re1 a6 7. Ba4 b5 8. Bc2 e5 9. h3 Be7 10. d4 0-0 11. d5 Na5 12. Nxe5 dxe5 13. d6 Bc6 14. dxe7 Qxe7 15. Qf3 h6 16. b3 Rfd8 17. Nd2 Nb7 18. Qe2 Nd6 19. Bb2 Rab8 20. Rad1 c4 21. Ba3 cxb3 22. axb3 Qe6 23. f4 Nb7 24. Nf3 exf4 25. Nd4 Qc8 26. Be7 Rxd4 27. cxd4 Qe6 0-1

[Event "LSS BI-2009-F-00011"]
[Site "LSS email"]
[Date "2010.02.15"]
[Round "?"]
[White "Laine, Jari"]
[Black "Fernando, Suranga"]
[Result "1-0"]
[WhiteElo "1686"]
[BlackElo "1630"]
[PlyCount "55"]
[EventDate "2010.02.17"]
[EventType "tourn (corr)"]
[EventRounds "10"]
[EventCountry "GER"]
[SourceTitle "Corr 2022"]
[Source "ChessBase"]
[SourceDate "2021.10.24"]
[SourceVersion "1"]
[SourceVersionDate "2021.10.24"]
[SourceQuality "1"]

1. e4 c5 2. c3 Nf6 3. e5 Nd5 4. d4 cxd4 5. cxd4 d6 6. Nf3 Nc6 7. Bc4 Nb6 8. Bb5 d5 9. 0-0 Bg4 10. h3 Bxf3 11. Qxf3 e6 12. Be3 Rc8 13. Rd1 a6 14. Bf1 Nb4 15. Nd2 Be7 16. Qg3 Kf8 17. Nb3 Nc4 18. Bc1 a5 19. Nd2 Nc2 20. Rb1 Nxd2 21. Rxd2 Qb6 22. Rd3 Nxd4 23. Be3 Bc5 24. Rc1 Nf5 25. Rxc5 Rxc5 26. Bxc5+ Qxc5 27. Rc3 Qb4 28. Qg5 1-0

[Event "LSS CP-2009-P-00046"]
[Site "LSS email"]
[Date "2009.09.27"]
[Round "?"]
[White "Fernando, Suranga"]
[Black "Stilman, Eduardo"]
[Result "0-1"]
[WhiteElo "1606"]
[BlackElo "1972"]
[PlyCount "82"]
[EventDate "2009.10.01"]
[EventType "tourn (corr)"]
[EventRounds "6"]
[EventCountry "GER"]
[SourceTitle "Corr 2022"]
[Source "ChessBase"]
[SourceDate "2021.10.24"]
[SourceVersion "1"]
[SourceVersionDate "2021.10.24"]
[SourceQuality "1"]

1. e4 Nf6 2. e5 Nd5 3. d4 d6 4. Nf3 Bg4 5. Be2 c6 6. c4 Nb6 7. Nbd2 N8d7 8. 0-0 dxe5 9. Nxe5 Nxe5 10. dxe5 Bf5 11. Bg4 Qd7 12. Bxf5 Qxf5 13. Qe2 e6 14. Nf3 0-0-0 15. b3 Be7 16. Be3 g5 17. Rad1 h5 18. Bc1 Rxd1 19. Rxd1 Nd7 20. Bb2 Rd8 21. Ne1 g4 22. Rd3 Bc5 23. Bc3 Bb6 24. b4 Bc7 25. Re3 Nb6 26. Re4 Rd1 27. Kf1 Na4 28. Bd4 Rb1 29. Qc2 Rxb4 30. a3 Rxc4 31. Qxc4 Qxe4 32. Qxa4 Bxe5 33. Qb4 Bxd4 34. Qf8+ Kd7 35. Qxf7+ Kd6 36. Qxb7 Bc3 37. Qb8+ Kd5 38. Qb3+ Qc4+ 39. Qxc4+ Kxc4 40. f3 Bxe1 41. fxg4 Bc3 0-1

[Event "LSS CP-2009-P-00046"]
[Site "LSS email"]
[Date "2009.09.27"]
[Round "?"]
[White "Roques, Pascal"]
[Black "Fernando, Suranga"]
[Result "1-0"]
[WhiteElo "2188"]
[BlackElo "1606"]
[PlyCount "63"]
[EventDate "2009.10.01"]
[EventType "tourn (corr)"]
[EventRounds "6"]
[EventCountry "GER"]
[SourceTitle "Corr 2022"]
[Source "ChessBase"]
[SourceDate "2021.10.24"]
[SourceVersion "1"]
[SourceVersionDate "2021.10.24"]
[SourceQuality "1"]

1. e4 c5 2. Nf3 d6 3. d4 Nf6 4. Nc3 cxd4 5. Nxd4 a6 6. Be3 e5 7. Nf3 Be7 8. Bc4 0-0 9. 0-0 Nc6 10. Qe2 Na5 11. Bd5 Bd7 12. Rfd1 Rc8 13. a3 Qc7 14. Rd3 Nc4 15. Bxc4 Qxc4 16. Bg5 Be6 17. Qd2 Rfe8 18. Bxf6 Bxf6 19. Rxd6 Be7 20. Rd3 f6 21. Rd1 Qc6 22. Nh4 g6 23. Nxg6 hxg6 24. Qh6 g5 25. Qg6+ Kf8 26. Nd5 Bg4 27. R1d2 Bd8 28. h3 f5 29. Qh7 fxe4 30. Rb3 Bd7 31. Nb4 Qf6 32. Rxd7 1-0

[Event "LSS SC-2009-0-00039"]
[Site "LSS email"]
[Date "2009.08.24"]
[Round "?"]
[White "Laine, Jari"]
[Black "Fernando, Suranga"]
[Result "1/2-1/2"]
[WhiteElo "1730"]
[BlackElo "1615"]
[PlyCount "61"]
[EventDate "2009.06.23"]
[EventType "tourn (corr)"]
[EventRounds "6"]
[EventCountry "GER"]
[SourceTitle "Corr 2022"]
[Source "ChessBase"]
[SourceDate "2021.10.24"]
[SourceVersion "1"]
[SourceVersionDate "2021.10.24"]
[SourceQuality "1"]

1. c4 g6 2. Nf3 Bg7 3. d4 Nf6 4. g3 d5 5. Bg2 dxc4 6. Na3 c3 7. bxc3 0-0 8. 0-0 c5 9. Ne5 Nd5 10. Bb2 Nc6 11. Nac4 Be6 12. e4 Nb6 13. Nxc6 bxc6 14. Ne3 Rb8 15. Rc1 Nc4 16. Ba1 Qa5 17. d5 Nxe3 18. fxe3 Bd7 19. Qe2 Qa3 20. Qd2 c4 21. Qe2 e6 22. d6 Qxd6 23. Qxc4 c5 24. Rcd1 Qc7 25. Rb1 Rxb1 26. Rxb1 Rd8 27. Qa6 Be8 28. c4 Bxa1 29. Rxa1 Rd3 30. Re1 Bc6 31. Kf1 1/2-1/2

[Event "LSS SC-2009-0-00039"]
[Site "LSS email"]
[Date "2009.08.23"]
[Round "?"]
[White "Fernando, Suranga"]
[Black "Jenneborg, Seved"]
[Result "0-1"]
[WhiteElo "1615"]
[BlackElo "1618"]
[PlyCount "60"]
[EventDate "2009.06.23"]
[EventType "tourn (corr)"]
[EventRounds "6"]
[EventCountry "GER"]
[SourceTitle "Corr 2022"]
[Source "ChessBase"]
[SourceDate "2021.10.24"]
[SourceVersion "1"]
[SourceVersionDate "2021.10.24"]
[SourceQuality "1"]

1. e4 d6 2. d4 Nf6 3. Nc3 g6 4. Be3 c6 5. h3 Bg7 6. f4 Qb6 7. a3 Be6 8. Nf3 d5 9. e5 Ne4 10. Nxe4 dxe4 11. Ng5 Bd5 12. c4 h6 13. Qd2 hxg5 14. fxg5 Be6 15. d5 c5 16. dxe6 Qxe6 17. 0-0-0 Nd7 18. Kb1 Bxe5 19. Qc2 Bg3 20. Be2 Qc6 21. b4 cxb4 22. axb4 a6 23. Rd4 f5 24. gxf6 Nxf6 25. Rdd1 Be5 26. g4 e6 27. g5 Nh5 28. Bf3 Ng3 29. Bf2 Nxh1 30. Qxe4 Qxe4+ 0-1

[Event "LSS BI-2009-P-00023"]
[Site "LSS email"]
[Date "2009.04.19"]
[Round "?"]
[White "Sherwood, Russell"]
[Black "Fernando, Suranga"]
[Result "0-1"]
[WhiteElo "1838"]
[BlackElo "1601"]
[PlyCount "70"]
[EventDate "2009.04.20"]
[EventType "tourn (corr)"]
[EventRounds "10"]
[EventCountry "GER"]
[SourceTitle "Corr 2022"]
[Source "ChessBase"]
[SourceDate "2021.10.24"]
[SourceVersion "1"]
[SourceVersionDate "2021.10.24"]
[SourceQuality "1"]

1. e4 c5 2. Nf3 e6 3. d4 cxd4 4. Nxd4 a6 5. Bd3 Qb6 6. Nb3 d6 7. 0-0 Nf6 8. c4 Nc6 9. Nc3 Be7 10. Be3 Qc7 11. f4 0-0 12. Rc1 Rb8 13. a3 Re8 14. Rf2 Ra8 15. c5 dxc5 16. Nxc5 b6 17. N5a4 Nd7 18. f5 Bb7 19. fxe6 fxe6 20. Qg4 Bd6 21. Qh3 Nce5 22. Bb1 Qc6 23. b4 Rac8 24. Bg5 Bb8 25. Ba2 Ba7 26. b5 axb5 27. Ne2 Qd6 28. Rxc8 Bxc8 29. Nac3 b4 30. Nb5 Qd1+ 31. Rf1 Qxe2 32. Bxe6+ Kh8 33. Nxa7 Ba6 34. Rb1 Bd3 35. Rc1 b3 0-1

[Event "LSS SC-2009-0-00029"]
[Site "LSS email"]
[Date "2009.04.05"]
[Round "?"]
[White "Fernando, Suranga"]
[Black "Henke, Simon"]
[Result "1-0"]
[WhiteElo "1601"]
[BlackElo "1640"]
[PlyCount "97"]
[EventDate "2009.02.22"]
[EventType "tourn (corr)"]
[EventRounds "6"]
[EventCountry "GER"]
[SourceTitle "Corr 2022"]
[Source "ChessBase"]
[SourceDate "2021.10.24"]
[SourceVersion "1"]
[SourceVersionDate "2021.10.24"]
[SourceQuality "1"]

1. d4 e6 2. e4 d5 3. Nc3 Nf6 4. Bg5 Be7 5. e5 Nfd7 6. Bxe7 Qxe7 7. f4 0-0 8. Nf3 c5 9. Qd2 Nc6 10. 0-0-0 a6 11. dxc5 Nxc5 12. Kb1 b5 13. Bd3 Bb7 14. Ne2 Rfc8 15. Rhe1 Nxd3 16. cxd3 b4 17. Ned4 a5 18. f5 a4 19. Qf4 b3 20. a3 Ba6 21. f6 Qc5 22. fxg7 Rc7 23. Ka1 Rac8 24. Nxc6 Qxc6 25. Nd4 Qc5 26. Kb1 Kxg7 27. Rf1 Qe7 28. Rf3 Kh8 29. h4 Rg8 30. g3 Rgc8 31. Rh1 Rg8 32. g4 Rg7 33. g5 Qc5 34. h5 Qe7 35. Rg1 Kg8 36. Qe3 Qe8 37. Rh1 Qc8 38. Rf6 Qe8 39. g6 Bc8 40. gxh7+ Kh8 41. h6 Rg6 42. Qf4 Rg2 43. Qf1 Rg5 44. Ka1 Kxh7 45. Nb5 Qxb5 46. Rxf7+ Rxf7 47. Qxf7+ Kh8 48. h7 Qc5 49. Qe8+ 1-0

[Event "LSS SD-2008-0-00024"]
[Site "LSS email"]
[Date "2009.02.13"]
[Round "?"]
[White "Fernando, Suranga"]
[Black "Nap, Pali"]
[Result "1-0"]
[WhiteElo "1567"]
[BlackElo "1388"]
[PlyCount "88"]
[EventDate "2008.12.22"]
[EventType "tourn (corr)"]
[EventRounds "6"]
[EventCountry "GER"]
[SourceTitle "Corr 2022"]
[Source "ChessBase"]
[SourceDate "2021.10.24"]
[SourceVersion "1"]
[SourceVersionDate "2021.10.24"]
[SourceQuality "1"]

1. e4 c6 2. d4 d5 3. Nc3 dxe4 4. Nxe4 Bf5 5. Ng3 Bg6 6. h4 h6 7. Nf3 Nd7 8. h5 Bh7 9. Bd3 Bxd3 10. Qxd3 e6 11. Bd2 Qc7 12. 0-0-0 Ngf6 13. Ne4 0-0-0 14. g3 Nxe4 15. Qxe4 Bd6 16. c4 Qb6 17. Kb1 Bc7 18. Bc3 Qa6 19. b3 Kb8 20. Qc2 Rhg8 21. Kb2 b5 22. Bb4 Nb6 23. Rc1 bxc4 24. bxc4 Ka8 25. Ka1 Rb8 26. Rhe1 Nd7 27. Qc3 Qa4 28. Rb1 Rb7 29. Qb3 Qa6 30. Qd3 Rgb8 31. Bc3 Nb6 32. Nd2 Nd5 33. Rxb7 Rxb7 34. Rb1 Nxc3 35. Qxc3 Ba5 36. Qc2 Bxd2 37. Rxb7 Kxb7 38. Qxd2 Qxc4 39. g4 a5 40. Qe3 Qc2 41. f3 Ka6 42. a3 Kb5 43. Qf4 f6 44. Qe3 Ka4 1-0

[Event "FICGS W-ch st1 g11 email"]
[Site "FICGS email"]
[Date "2009.02.03"]
[Round "1"]
[White "Bernal Varela, Nelson"]
[Black "Fernando, Suranga"]
[Result "1-0"]
[WhiteElo "2135"]
[BlackElo "1829"]
[PlyCount "35"]
[EventDate "2009.??.??"]
[EventType "tourn (corr)"]
[EventRounds "8"]
[SourceTitle "Corr 2022"]
[Source "ChessBase"]
[SourceDate "2021.10.24"]
[SourceVersion "1"]
[SourceVersionDate "2021.10.24"]
[SourceQuality "1"]

1. e4 c5 2. Nf3 e6 3. d4 cxd4 4. Nxd4 a6 5. Nc3 b5 6. Bd3 Bb7 7. 0-0 Ne7 8. Be3 Ng6 9. Qh5 Qc7 10. f4 Bc5 11. a4 b4 12. Nce2 0-0 13. f5 Ne5 14. f6 Re8 15. fxg7 Nbc6 16. Kh1 Nxd4 17. Nxd4 d6 18. Rf6 1-0

[Event "FICGS W-ch st1 g11 email"]
[Site "FICGS email"]
[Date "2009.02.03"]
[Round "1"]
[White "Fernando, Suranga"]
[Black "Wosch, Arkadiusz Janusz"]
[Result "1/2-1/2"]
[WhiteElo "1829"]
[BlackElo "2001"]
[PlyCount "43"]
[EventDate "2009.??.??"]
[EventType "tourn (corr)"]
[EventRounds "8"]
[SourceTitle "Corr 2022"]
[Source "ChessBase"]
[SourceDate "2021.10.24"]
[SourceVersion "1"]
[SourceVersionDate "2021.10.24"]
[SourceQuality "1"]

1. e4 c5 2. Nf3 Nc6 3. Bb5 g6 4. c3 Nf6 5. e5 Nd5 6. d4 cxd4 7. 0-0 Bg7 8. cxd4 0-0 9. Qb3 Nc7 10. Be2 d6 11. Nc3 dxe5 12. dxe5 Ne6 13. Rd1 Ned4 14. Nxd4 Nxd4 15. Qa4 Nxe2+ 16. Nxe2 Qe8 17. Qb4 a5 18. Qc5 Qc6 19. Qxc6 bxc6 20. Bf4 f6 21. exf6 Bxf6 22. Rd2 1/2-1/2

[Event "FICGS class C 000064 email"]
[Site "FICGS email"]
[Date "2008.12.16"]
[Round "1"]
[White "Fernando, Suranga"]
[Black "Palmer, Mark"]
[Result "1-0"]
[WhiteElo "1829"]
[BlackElo "1800"]
[PlyCount "41"]
[EventDate "2008.??.??"]
[EventType "tourn (corr)"]
[EventRounds "1"]
[SourceTitle "Corr 2022"]
[Source "ChessBase"]
[SourceDate "2021.10.24"]
[SourceVersion "1"]
[SourceVersionDate "2021.10.24"]
[SourceQuality "1"]

1. d4 Nf6 2. c4 g6 3. Nc3 Bg7 4. e4 d6 5. Nf3 0-0 6. h3 Nbd7 7. Bg5 c6 8. Be2 a5 9. 0-0 e5 10. dxe5 dxe5 11. Qd6 Re8 12. Rfd1 Bf8 13. Qd2 Qc7 14. Nh2 Re6 15. Ng4 Nxg4 16. Bxg4 Rd6 17. Qe3 Bg7 18. Rxd6 Qxd6 19. Rd1 Qc7 20. Na4 f6 21. Bh4 1-0

[Event "FICGS class C 000064 email"]
[Site "FICGS email"]
[Date "2008.12.16"]
[Round "1"]
[White "Fernando, Suranga"]
[Black "Perevozchikov, Vjacheslav"]
[Result "1-0"]
[WhiteElo "1829"]
[BlackElo "1901"]
[PlyCount "65"]
[EventDate "2008.??.??"]
[EventType "tourn (corr)"]
[EventRounds "1"]
[SourceTitle "Corr 2022"]
[Source "ChessBase"]
[SourceDate "2021.10.24"]
[SourceVersion "1"]
[SourceVersionDate "2021.10.24"]
[SourceQuality "1"]

1. d4 Nf6 2. c4 g6 3. Nc3 d5 4. Bf4 Bg7 5. Rc1 Nh5 6. Bd2 dxc4 7. e3 0-0 8. Bxc4 e5 9. dxe5 Nc6 10. Nf3 Nxe5 11. Nxe5 Bxe5 12. Be2 Ng7 13. 0-0 c6 14. f4 Bf6 15. Ne4 Bxb2 16. Rb1 Re8 17. Rxb2 Rxe4 18. Qb3 Nf5 19. Qc3 Qe7 20. Re1 a5 21. Bd3 Ra4 22. e4 Nd4 23. Be3 Qd6 24. e5 Qd5 25. Rd2 Be6 26. a3 c5 27. Rb1 Bd7 28. Rb6 Bc6 29. Bf1 Qe4 30. Rf2 Rd8 31. h3 c4 32. Rd2 Ne6 33. Rxd8+ 1-0

[Event "LSS SD-2008-0-00012"]
[Site "LSS email"]
[Date "2008.07.30"]
[Round "?"]
[White "Fernando, Suranga"]
[Black "MacKinnon, Duncan"]
[Result "1-0"]
[WhiteElo "1418"]
[BlackElo "1403"]
[PlyCount "33"]
[EventDate "2008.07.09"]
[EventType "tourn (corr)"]
[EventRounds "6"]
[EventCountry "GER"]
[SourceTitle "Corr 2022"]
[Source "ChessBase"]
[SourceDate "2021.10.24"]
[SourceVersion "1"]
[SourceVersionDate "2021.10.24"]
[SourceQuality "1"]

1. e4 e5 2. Nf3 Nc6 3. Bb5 a6 4. Ba4 Nf6 5. 0-0 Bc5 6. c3 0-0 7. d4 Bb6 8. Nbd2 exd4 9. e5 dxc3 10. exf6 cxd2 11. fxg7 Kxg7 12. Qxd2 Qf6 13. b4 Kg8 14. Bb2 Qd6 15. Qc3 f6 16. Rae1 Kh8 17. Bb3 1-0

[Event "LSS SD-2008-0-00012"]
[Site "LSS email"]
[Date "2008.07.23"]
[Round "?"]
[White "Fernando, Suranga"]
[Black "Pehl, Jozsef"]
[Result "1-0"]
[WhiteElo "1418"]
[BlackElo "1526"]
[PlyCount "131"]
[EventDate "2008.07.09"]
[EventType "tourn (corr)"]
[EventRounds "6"]
[EventCountry "GER"]
[SourceTitle "Corr 2022"]
[Source "ChessBase"]
[SourceDate "2021.10.24"]
[SourceVersion "1"]
[SourceVersionDate "2021.10.24"]
[SourceQuality "1"]

1. e4 c5 2. Nf3 Nc6 3. d4 cxd4 4. Nxd4 Nf6 5. Nc3 e6 6. Ndb5 d6 7. Be2 a6 8. Nd4 d5 9. 0-0 Nxe4 10. Nxc6 bxc6 11. Nxe4 dxe4 12. Qxd8+ Kxd8 13. Rd1+ Ke7 14. Rd4 f5 15. Bg5+ Kf7 16. Rc4 c5 17. Rd1 Kg6 18. Be3 Bb7 19. Rc3 Kf6 20. Rb3 Bc8 21. f3 Be7 22. fxe4 fxe4 23. Rf1+ Kg6 24. Rf4 Rd8 25. Rxe4 Kf7 26. Rb6 Rd6 27. Rxd6 Bxd6 28. Rc4 Bb7 29. Bxc5 Be5 30. Bd4 Bd6 31. Bb6 Ke7 32. Bc7 a5 33. Bxd6+ Kxd6 34. Rd4+ Ke5 35. Rg4 g6 36. Rh4 h5 37. Bd3 Kf6 38. Rd4 Ke5 39. Rc4 Bd5 40. Rc7 Bxa2 41. Bxg6 a4 42. Rc5+ Kf6 43. Bd3 Bb1 44. Rc4 Rb8 45. Rf4+ Ke7 46. Rxa4 Rxb2 47. Rc4 Ba2 48. Re4 Bb1 49. Kf2 Kd6 50. Rd4+ Ke7 51. Rc4 Ba2 52. Rc8 Kd7 53. Rf8 Ke7 54. Rh8 Bb1 55. Rc8 Kd7 56. Rc3 Ba2 57. g3 Kd6 58. Be2 Bb1 59. Rd3+ Kc5 60. Bd1 Kb4 61. h4 Bxc2 62. Rd2 Bxd1 63. Rxb2+ Kc4 64. Ke3 Bg4 65. Kf4 Kd4 66. Rd2+ 1-0

[Event "LSS SD-2008-0-00004"]
[Site "LSS email"]
[Date "2008.03.02"]
[Round "?"]
[White "Hrubaru, Mircea"]
[Black "Fernando, Suranga"]
[Result "1/2-1/2"]
[WhiteElo "1511"]
[BlackElo "1407"]
[PlyCount "44"]
[EventDate "2008.02.23"]
[EventType "tourn (corr)"]
[EventRounds "6"]
[EventCountry "GER"]
[SourceTitle "Corr 2022"]
[Source "ChessBase"]
[SourceDate "2021.10.24"]
[SourceVersion "1"]
[SourceVersionDate "2021.10.24"]
[SourceQuality "1"]

1. e4 e5 2. f4 exf4 3. Nf3 d5 4. exd5 Nf6 5. c4 c6 6. d4 cxd5 7. Bxf4 Bd6 8. Ne5 0-0 9. Nc3 Be6 10. Qf3 Nc6 11. 0-0-0 Rc8 12. Nxc6 Rxc6 13. Bxd6 Bg4 14. Qf4 Qxd6 15. Qxd6 Rxd6 16. Rd2 Re8 17. Bd3 dxc4 18. Bxc4 Rc8 19. b3 a6 20. a4 Be6 21. d5 Bd7 22. Kb2 Re8 1/2-1/2

[Event "LSS SD-2008-0-00004"]
[Site "LSS email"]
[Date "2008.03.02"]
[Round "?"]
[White "Metz, Larry R"]
[Black "Fernando, Suranga"]
[Result "1/2-1/2"]
[WhiteElo "1522"]
[BlackElo "1407"]
[PlyCount "62"]
[EventDate "2008.02.23"]
[EventType "tourn (corr)"]
[EventRounds "6"]
[EventCountry "GER"]
[SourceTitle "Corr 2022"]
[Source "ChessBase"]
[SourceDate "2021.10.24"]
[SourceVersion "1"]
[SourceVersionDate "2021.10.24"]
[SourceQuality "1"]

1. e4 e5 2. Nf3 Nc6 3. Bc4 Bc5 4. 0-0 Nf6 5. d4 Bxd4 6. Nxd4 Nxd4 7. f4 d6 8. fxe5 dxe5 9. Bg5 Qd6 10. Bxf6 gxf6 11. c3 Qc5 12. cxd4 Qxc4 13. Nc3 Bd7 14. Nd5 0-0-0 15. Rc1 Qxd4+ 16. Qxd4 exd4 17. Rxc7+ Kb8 18. Rxf6 Be6 19. Rc2 Bxd5 20. exd5 Rxd5 21. Rxf7 d3 22. Rd2 h6 23. Kf2 Rhd8 24. Re7 Ra5 25. b4 Rh5 26. h3 Rg5 27. Ke3 Rgd5 28. g4 R8d6 29. a4 Kc8 30. h4 Kd8 31. Re4 b5 1/2-1/2

[Event "LSS SD-2008-0-00004"]
[Site "LSS email"]
[Date "2008.02.29"]
[Round "?"]
[White "Fernando, Suranga"]
[Black "Nemeth, Laszlo"]
[Result "1-0"]
[WhiteElo "1407"]
[BlackElo "1504"]
[PlyCount "77"]
[EventDate "2008.02.23"]
[EventType "tourn (corr)"]
[EventRounds "6"]
[EventCountry "GER"]
[SourceTitle "Corr 2022"]
[Source "ChessBase"]
[SourceDate "2021.10.24"]
[SourceVersion "1"]
[SourceVersionDate "2021.10.24"]
[SourceQuality "1"]

1. e4 e6 2. d4 d5 3. Nc3 Bb4 4. e5 c5 5. a3 Bxc3+ 6. bxc3 Ne7 7. Qg4 Qc7 8. Qxg7 Rg8 9. Qxh7 cxd4 10. Ne2 Nbc6 11. f4 dxc3 12. Qd3 Nf5 13. Qxc3 b6 14. Rg1 Ba6 15. g4 Bxe2 16. Bxe2 Nfd4 17. Bd1 0-0-0 18. Rb1 Nf5 19. Kf2 d4 20. Qd3 Qe7 21. Kf1 Qh4 22. Rg2 Nfe7 23. Bf3 Nd5 24. Bd2 Kb7 25. a4 Kb8 26. a5 Kc7 27. Qa6 Rb8 28. Bb4 Ne3+ 29. Kg1 Nxg2 30. axb6+ Rxb6 31. Ba5 Rgb8 32. Qc4 Nxf4 33. Qxc6+ Kd8 34. Rxb6 Nh3+ 35. Kg2 Nf4+ 36. Kf1 axb6 37. Bxb6+ Rxb6 38. Qxb6+ Ke8 39. Qb8+ 1-0

[Event "LSS OP-2008-0-00487"]
[Site "LSS email"]
[Date "2008.02.28"]
[Round "?"]
[White "Fernando, Suranga"]
[Black "Kis Kos, Laszlo"]
[Result "1/2-1/2"]
[WhiteElo "1200"]
[BlackElo "1536"]
[PlyCount "77"]
[EventDate "2008.02.26"]
[EventType "tourn (corr)"]
[EventRounds "4"]
[EventCountry "GER"]
[SourceTitle "Corr 2022"]
[Source "ChessBase"]
[SourceDate "2021.10.24"]
[SourceVersion "1"]
[SourceVersionDate "2021.10.24"]
[SourceQuality "1"]

1. e4 e5 2. Nf3 Nc6 3. Bb5 a6 4. Ba4 Nf6 5. 0-0 Nxe4 6. d4 b5 7. Bb3 d5 8. dxe5 Be6 9. c3 Bc5 10. Qd3 0-0 11. Be3 Na5 12. Nbd2 Bxe3 13. Qxe3 Nxd2 14. Qxd2 Nc4 15. Bxc4 dxc4 16. Qf4 Qd7 17. Rad1 Qe7 18. Rfe1 Rfe8 19. Nd4 Bd7 20. Qg3 c5 21. Ne2 Red8 22. Nf4 Bf5 23. Nd5 Qb7 24. Nf6+ Kh8 25. Nh5 Bg6 26. Nf4 Qe7 27. Qe3 Rxd1 28. Rxd1 Kg8 29. h3 h6 30. Nxg6 fxg6 31. Rd5 Rc8 32. Qe4 Rc6 33. Rd8+ Qxd8 34. Qxc6 Qd2 35. Qe4 Qd3 36. Qa8+ Kh7 37. Qf8 Qe2 38. f4 b4 39. Kh2 1/2-1/2